Pathophysiology / (Record no. 85029)

MARC details
000 -LEADER
fixed length control field 00999cam a2200325 a 4500
001 - CONTROL NUMBER
control field 17464666
003 - CONTROL NUMBER IDENTIFIER
control field CBULib
005 - DATE AND TIME OF LATEST TRANSACTION
control field 20240611095616.0
008 - FIXED-LENGTH DATA ELEMENTS--GENERAL INFORMATION
fixed length control field 120912s2013 moua b 001 0 eng
010 ## - LIBRARY OF CONGRESS CONTROL NUMBER
LC control number 2012037206
020 ## - INTERNATIONAL STANDARD BOOK NUMBER
International Standard Book Number 9781455726509 (pbk. : alk. paper)
035 ## - SYSTEM CONTROL NUMBER
System control number (DNLM)101592003
040 ## - CATALOGING SOURCE
Original cataloging agency DNLM/DLC
Transcribing agency DLC
Modifying agency DLC
042 ## - AUTHENTICATION CODE
Authentication code pcc
050 00 - LIBRARY OF CONGRESS CALL NUMBER
Classification number RB113
Item number .P45 2013
060 10 - NATIONAL LIBRARY OF MEDICINE CALL NUMBER
Classification number QZ 140
082 00 - DEWEY DECIMAL CLASSIFICATION NUMBER
Classification number 616.07
Edition number 23
100 1# - MAIN ENTRY--PERSONAL NAME
Personal name Copstead, Lee Ellen.
245 10 - TITLE STATEMENT
Title Pathophysiology /
Statement of responsibility, etc. Lee-Ellen C. Copstead, Jacquelyn L. Banasik.
250 ## - EDITION STATEMENT
Edition statement 5th ed.
260 ## - PUBLICATION, DISTRIBUTION, ETC.
Place of publication, distribution, etc. St. Louis, Mo. :
Name of publisher, distributor, etc. Elsevier,
Date of publication, distribution, etc. c2013.
300 ## - PHYSICAL DESCRIPTION
Extent xxxii, 1183 p. :
Other physical details color illustrations ;
Dimensions 28 cm.
504 ## - BIBLIOGRAPHY, ETC. NOTE
Bibliography, etc. note Includes bibliographical references and index.
650 12 - SUBJECT ADDED ENTRY--TOPICAL TERM
Topical term or geographic name entry element Disease.
650 12 - SUBJECT ADDED ENTRY--TOPICAL TERM
Topical term or geographic name entry element Pathology.
700 1# - ADDED ENTRY--PERSONAL NAME
Personal name Banasik, Jacquelyn L.
906 ## - LOCAL DATA ELEMENT F, LDF (RLIN)
a 7
b cbc
c orignew
d 1
e ecip
f 20
g y-gencatlg
942 ## - ADDED ENTRY ELEMENTS (KOHA)
Source of classification or shelving scheme
Koha item type MONOGRAPH
Suppress in OPAC No
Holdings
Withdrawn status Lost status Source of classification or shelving scheme Damaged status Not for loan Home library Current library Shelving location Date acquired Total Checkouts Total Renewals Full call number Barcode Date due Date last seen Date last checked out Price effective from Koha item type
          CBU-SCHOOL OF MEDICINE LIBRARY, NDOLA. CBU-SCHOOL OF MEDICINE LIBRARY, NDOLA. School of Medicine Collection - Hospital Campus 06/11/2024 7 2 RB 113 Cop 903587 07/17/2026 07/03/2026 07/03/2026 06/11/2024 MONOGRAPH